Sài Gòn ngày đầu rực lửa
Gồm 10 kỳ (kỳ 6)
Đã lưu trong:
| 主要作者: | |
|---|---|
| 格式: | 圖書 |
| 語言: | Undetermined |
| 主題: | |
| 在線閱讀: | http://lrc.tdmu.edu.vn/opac/search/detail.asp?aID=2&ID=22899 |
| 標簽: |
添加標簽
沒有標簽, 成為第一個標記此記錄!
|
| Thư viện lưu trữ: | Trung tâm Học liệu Trường Đại học Thủ Dầu Một |
|---|
| LEADER | 00636nam a2200157Ia 4500 | ||
|---|---|---|---|
| 001 | TDMU_22899 | ||
| 008 | 210410s9999 xx 000 0 und d | ||
| 082 | |a 959.7 | ||
| 100 | |a Nguyễn, Văn Tàu | ||
| 245 | 0 | |a Sài Gòn ngày đầu rực lửa | |
| 245 | 0 | |c Nguyễn Văn Tàu | |
| 300 | |a 4tr | ||
| 520 | |a Gồm 10 kỳ (kỳ 6) | ||
| 650 | |a Kháng chiến chống Mỹ; Kể chuyện chiến trường; Chiến trường miền Nam ; Lịch sử | ||
| 856 | |u http://lrc.tdmu.edu.vn/opac/search/detail.asp?aID=2&ID=22899 | ||
| 980 | |a Trung tâm Học liệu Trường Đại học Thủ Dầu Một | ||